| 000 | 01186cam a2200217 4500 | ||
|---|---|---|---|
| 001 | WB@3612-414 | ||
| 008 | 041116n2004 000 0 eng u | ||
| 035 | _a(Sirsi) u128003 | ||
| 245 | _aLack of affordable housing | ||
| 260 | _c2004 | ||
| 490 |
_aPlanning (for the Natural and Built Environment) _v12 November 2004 3(1) |
||
| 490 |
_aCPRE Press Release _v(62/04) 4 November 2004 (4) |
||
| 520 | _aThe Campaign to Protect Rural England has just published a report which claims that a lack of affordable homes is the cause of the UK's housing crisis - rather than an overall shortage of houses. "Housing the nation: meeting the need for affordable housing" points out that between 1950 and 1980 more than 100 000 affordable houses were built by social housing providers each year in England. Since 1985 the number has fallen to less than 25 000 per annum and stood at less than 14 000 in 2002. The report can be downloaded from: http://www.cpre.org.uk/news-releases/news-rel-2004 /62-04.htm. | ||
| 590 | _aWB | ||
| 590 | _aWB | ||
| 650 |
_aAffordable housing _96215 |
||
| 650 | _aHOUSING SUPPLY | ||
| 650 | _aSOCIAL HOUSING | ||
| 690 | _aHOUSING-DEVELOPMENT | ||
| 942 | _n0 | ||
| 999 |
_c118313 _d118313 |
||